000 00477nam a2200181Ia 4500
001 4882
005 20260306145827.0
008 260306t2015||||xx |||||||||||||| ||spa||
041 _aESP
082 _a330.9857
_bS25
100 _aSantos Granero, Fernando
_eAUT
245 0 _aLa frontera domesticada:
_bhistoria económica y social de Loreto, 1850-2000
260 _c2015
300 _a495 páginas :
_c24 cm.
650 _aGEN
654 _aCAN
942 _cLIB
_dJUS
_fJUS
_2ddc
_n
999 _c4882
_d4882